000 00563cam a22001934a 4500
005 20250605163442.0
008 250528s ||||||||||||||||||||||||d
035 _a19536
020 _a9602860782
040 _aGR-AtMCL
_bgre
_dGR-AtMCL
_eAACR2
245 1 _aΑΡΧΕΣ ΤΑΞΙΝΟΜΗΣΗΣ / Ο ΣΥΣΤΗΜΑΤΙΚΟΣ ΚΑΤΑΛΟΓΟΣ ΚΑΙ ΤΑ ΤΑΞΙΝΟΜΙΚΑ ΣΥΣΤΗΜΑΤΑ
250 _a1
260 _bΈλλην,
_c1994
300 _a214
700 1 _aΚαζαζη Μαρια
942 _cBK
999 _c4792
_d4792